000 nam a22 a 4500
999 _c4774
_d4774
005 20180914082033.0
008 180914b2017 my ||||| |||| 00| 0 eng d
020 _cRM 220.00
040 _aAKMAL
082 _a343.595056 MAL
090 _a343.595056
_bMAL
245 _aLaws And Regulations Applicable To The Malaysia Royal Customs Department
_bAll Amendments Up to October 2017
_cPublished and printed in June 2018. There no amendments between the date book was published and printed
260 _aPudu, Kuala Lumpur
_bMDC Publishers Sdn Bhd
_c2018
300 _b1528
_c19cm
599 _aDALAM PROSES
942 _2ddc
_cBOOK